Entry Nombre personal
001 - NÚMERO DE CONTROL
- campo de control: 25558
003 - IDENTIFICADOR DE NÚMERO DE CONTROL
- campo de control: SpMaBN
005 - FECHA Y HORA DE LA ÚLTIMA TRANSACCIÓN
- campo de control: 20250826010755.0
008 - ELEMENTOS DE DATO DE LONGITUD-FIJA
- campo de control de longitud fija: 900725nn ainnnaaan n aaa
016 ## - NÚMERO DE CONTROL DE UNA AGENCIA BIBLIOGRÁFICA NACIONAL
- Número de control del registro: BNE19970362517
024 7# - IDENTIFICADOR DE OTROS ESTÁNDARES
- Número estándar o código: http://viaf.org/viaf/120157331/
- Fuente: viaf
024 7# - IDENTIFICADOR DE OTROS ESTÁNDARES
- Número estándar o código: https://isni.org/isni/0000000078146430
- Fuente: isni
024 7# - IDENTIFICADOR DE OTROS ESTÁNDARES
- Número estándar o código: http://www.wikidata.org/entity/Q105890700
- Fuente: wikidata
040 ## - FUENTE DE CATALOGACIÓN
- Centro catalogador/agencia de origen: SpMaBN
- Lengua de catalogación: spa
- Centro/agencia transcriptor: SpMaBN
- Normas de descripción: rdc
- Convención/Normas de encabezamiento de materia/tesauro: embne
100 1# - ENCABEZAMIENTO-NOMBRE DE PERSONA
- Nombre de persona: Barco, Gustavo del
670 ## - FUENTE DE DATOS ENCONTRADOS
- Cita de la fuente: Sahra, [1945?]
- Información encontrada: port. (Gustavo del Barco)
670 ## - FUENTE DE DATOS ENCONTRADOS
- Cita de la fuente: Charlo, R. Autores y seudónimos en la novela popular, 2005
- Información encontrada: (Barco, Gustavo del)
675 ## - FUENTE DE DATOS NO ENCONTRADOS
- Cita de la fuente: Dic. de seud. literarios españoles, de P.P. Rogers y F.A. Lapuente, 1977
